| 000 | 00409nam a2200145Ia 4500 | ||
|---|---|---|---|
| 008 | 220216s9999 xx 000 0 und d | ||
| 100 | _aSuwardin D | ||
| 245 | 0 | _aSimultaneous latex coagulation in the bamboo tube | |
| 260 |
_bIndonesian Journal of Natural Rubber Research _c1996 |
||
| 300 | _a108-110 | ||
| 650 | _aBamboo tube | ||
| 650 | _aHevea brasiliensis | ||
| 650 | _aLatex coagulation | ||
| 942 | _cJS | ||
| 999 |
_c68736 _d68736 |
||